| 000 | 01166nac a22003251i 4500 | ||
|---|---|---|---|
| 003 | EG-ScBUE | ||
| 005 | 20230809134454.0 | ||
| 008 | 230809t2002 fr a f b 001 0 eng d | ||
| 020 | _a2080106767 | ||
| 020 | _a9782080106766 | ||
| 040 |
_aEG-ScBUE _beng _erda _cEG-ScBUE _dEG-ScBUE |
||
| 043 | _ae-gw--- | ||
| 082 | 0 | 4 |
_a914.315504 _bSIC _222 |
| 100 | 1 |
_aSichtermann, Barbara, _eauthor. |
|
| 245 | 1 | 0 |
_aLiving in Berlin / _cBarbara Sichtermann, Ingo Rose ; photographs by Deidi von Schaewen ; translated by Deke Dusinberre. |
| 264 | 1 |
_aParis : _bFlammarion, _c[2002] |
|
| 264 | 4 | _cc2002 | |
| 300 |
_a224 pages : _billustrations (chiefly color) ; _c26 cm |
||
| 336 |
_2rdacontent _atext _btxt |
||
| 337 |
_2rdamedia _aunmediated _bn |
||
| 338 |
_2rdacarrier _avolume _bnc |
||
| 504 | _aIncludes biblographical references and index. | ||
| 546 | _aText in English ; translated from the original Germany. | ||
| 651 | 7 |
_aBerlin (Germany) _xDescription and travel. _2BUEsh |
|
| 655 | _vReading book | ||
| 700 | 1 |
_aRose, Ingo, _eauthor. |
|
| 700 | 1 |
_aSchaewen, Deidi von, _d1941- _ephotographer. |
|
| 700 | 1 |
_aDusinberre, Deke, _etranslator. |
|
| 942 |
_cBB _2ddc |
||
| 999 |
_c7386 _d7386 |
||